The have no rights: Dred Scott's struggle for freedom (Record no. 203664)

MARC details
000 -LEADER
fixed length control field 00380nam a2200145Ia 4500
008 - FIXED-LENGTH DATA ELEMENTS--GENERAL INFORMATION
fixed length control field 230917s9999||||xx |||||||||||||| ||und||
040 ## - CATALOGING SOURCE
-- 80816
Original cataloging agency VIVEKANANDA LIBRARY
041 ## - Language
-- English
082 ## - DDC NUMBER
Classification number 342.7 E89T
100 ## - MAIN ENTRY--PERSONAL NAME
Personal name Ehrlich, Walter
245 #4 - TITLE STATEMENT
Title The have no rights: Dred Scott's struggle for freedom
260 ## - PUBLICATION, DISTRIBUTION, ETC. (IMPRINT)
Place of publication, distribution, etc Westport
Name of publisher, distributor, etc Greenwood
Date of publication, distribution, etc 1979
300 ## - PHYSICAL DESCRIPTION
Pages xvi, 266 p.
942 ## - ADDED ENTRY ELEMENTS (KOHA)
Koha item type Books
Holdings
Withdrawn status Lost status Damaged status Not for loan Location (home branch) Sublocation or collection (holding branch) Date acquired Koha issues (times borrowed) Koha full call number Accession No. Koha date last seen Koha item type
        VIVEKANANDA LIBRARY VIVEKANANDA LIBRARY 12/03/2003   342.7 E89T 63882 17/09/2023 Books
© Designed and Maintained by Vivekananda Library, MDU Rohtak